| 000 | 01779nam0a2200361 4500 | ||
|---|---|---|---|
| 001 | RU\NLR\bibl\1377612 | ||
| 005 | 20260408073904.0 | ||
| 010 |
_a978-5-902296-9 _9500 |
||
| 021 |
_aRU _b2009-26477 _91574 |
||
| 035 | _a(nilc)RSL-KNO-004274271 | ||
| 035 | _a(NLR Aleph) 001369718 | ||
| 090 |
_a1033844 _c1033844 |
||
| 100 | _a20090410d2008 |||y0rusy50 ca | ||
| 101 | 0 | _arus | |
| 102 | _aRU | ||
| 105 | _ay ||||||||| | ||
| 200 | 1 |
_aН. С. Лесков в школе _eхрестоматия (5-10 классы) _fМосковский гуманитарный пед. ин-т _g[Р. В. Якименко и др. _gпод ред. д.п.н., проф. Р.В. Якименко] |
|
| 210 |
_aМосква _cМосковский гуманитарный педагогический институт _d2008 |
||
| 215 |
_a368 с. _d21 |
||
| 320 | _aБиблиогр.: с. 357-359 (49 назв.) и в подстроч. примеч. | ||
| 600 | 1 |
_aЛесков _bН.С. _f1831 - 1895 _gНиколай Семенович _jХрестоматии для средней школы _9982741 _3RU\NLR\auth\66370139 |
|
| 686 |
_aШ5(2=Р)52-4Лесков Н.С.я721-3 _2rubbk |
||
| 686 | _aШ5(2=Р)52-4Лесков.я7 | ||
| 702 | 1 |
_aЯкименко _bР. В. _gРуслан Витальевич _4220 |
|
| 702 | 1 |
_4570 _8rus _7ca _aЛесков _bН. С. _f1831-1895 _gНиколай Семенович _3RU\NLR\auth\772003 _9112020 |
|
| 712 | 0 | 2 |
_4570 _aМосковский гуманитарный педагогический институт _3RU\NLR\AUTH\8810065142 _9631869 |
| 801 | 0 |
_aRU _bРГБ _c20090410 _grcr |
|
| 801 | 1 |
_aRU _bРГБ _c20090410 |
|
| 801 | 2 |
_aRU _bNLR _c20090604 _grcr |
|
| 942 | _cBOOK | ||
| 980 | _aNB | ||